| 000 | 01561nam a22002297a 4500 | ||
|---|---|---|---|
| 005 | 20260202150513.0 | ||
| 008 | 230722b ||||| |||| 00| 0 eng d | ||
| 020 | _a9781838776343 | ||
| 040 | _cAL | ||
| 041 | _aEnglish | ||
| 082 |
_223 _a813.54 _bSMIT |
||
| 100 |
_aWilbur Smith _9253566 |
||
| 245 | _aTitans of War | ||
| 260 |
_aUK _bBonnier _c2023 |
||
| 300 |
_a403 p. _bPB _c19x13 cm. |
||
| 365 |
_aBLCR-000024 _b₹399.00 _c₹ _d₹499.00 _e20% _f14-07-2023 |
||
| 520 | _aA RUTHLESS ENEMY. A CIVILIZATION IN RUINS. A QUEST FOR SALVATION. For over fifty years Egypt has known nothing but war and devastation at the hands of the Hyksos, a bloodthirsty barbarian people from the distant east who continue to advance, crushing armies in their wake. Times are desperate, but throughout the conflict, a brave resistance fights on under the great Taita, a slave who has risen far beyond his ranks. Piay, entrusted into Taita's care by his parents at the age of just five, has been trained to become a great spy, unmatched by any other. Determined to prove his worth, he embarks on a dangerous mission to the north - to Mycenae and through the heart of Hyksos land and across the great sea - to find allies to help defend Egypt. As the situation becomes increasingly precarious, and the fate of the kingdom is hanging in the balance, can Piay succeed in his quest or will this mean the end of the glory that is Egypt once and for all? | ||
| 650 |
_aFiction _9128108 |
||
| 650 |
_aFantasy _9128109 |
||
| 700 |
_aChadbourn, Mark _9128111 |
||
| 942 |
_2ddc _cBK |
||
| 999 |
_c228069 _d228069 |
||